Cost accounting (Record no. 163975)

MARC details
000 -LEADER
fixed length control field 00475nam a22001697a 4500
005 - DATE AND TIME OF LATEST TRANSACTION
control field 20190507174349.0
010 ## - LCCN (DPL NO)
LC control number B-274888
020 ## - INTERNATIONAL STANDARD BOOK NUMBER
International Standard Book Number 8180542890
Terms of availability 410.00
035 ## - SYSTEM CONTROL NUMBER
System control number B-274888
037 ## - SOURCE OF ACQUISITION
Source of stock number/acquisition Sultan Chand {And} Song
082 ## - DEWEY DECIMAL CLASSIFICATION NUMBER
Classification number 657.425
100 ## - MAIN ENTRY--PERSONAL NAME
Personal name Saxena, V.K.
245 ## - TITLE STATEMENT
Title Cost accounting
Statement of responsibility, etc V.K. Saxena
260 ## - PUBLICATION, DISTRIBUTION, ETC. (IMPRINT)
Place of publication, distribution, etc New Delhi
Name of publisher, distributor, etc Sultan Chand And Song
Date of publication, distribution, etc 2005
300 ## - PHYSICAL DESCRIPTION
Extent 486p (it include index)
Dimensions 24cm (hbk)
942 ## - ADDED ENTRY ELEMENTS (KOHA)
Source of classification or shelving scheme Dewey Decimal Classification
Item type English Books
Classification part 657.425
Call number suffix SAX

No items available.


© Delhi Public Library
Hit Counter
free hit counter